Meranie daňového zaťaženia práce bakalárska práca

Gespeichert in:
Bibliographische Detailangaben
1. Verfasser: Remenárová, Ingrid
Körperschaft: Národohospodárska fakulta EU. Katedra financií
Weitere Verfasser: Kitová, Denisa, 1983-
Format: Buch
Sprache:Slowakisch
Veröffentlicht: Bratislava 2010
Tags: Tag hinzufügen
Keine Tags, Fügen Sie das erste Tag hinzu!

MARC

LEADER 00000nam$a2200000$$$4500
001 0136479
005 20240320074246.6
041 0 |a slo 
044 |a SK 
245 1 0 |a Meranie daňového zaťaženia práce  |b bakalárska práca  |c Ingrid Remenárová ; školiteľ: Denisa Kitová 
264 1 |a Bratislava  |c 2010 
300 |a 36 s. 
100 1 |a Remenárová, Ingrid 
700 1 |a Kitová, Denisa, 1983- 
710 2 |a Národohospodárska fakulta EU. Katedra financií